000
00298nam a2200121Ia 4500
005
20251222141947.0
008
251222s9999||||xx |||||||||||||| ||spa||
020
_a
84-206-1766-0
082
_a
REF.413/L45/Ej.2
100
_a
"León, Víctor"
245
0
_a
Diccionario de argot español
942
_c
LIB
999
_c
9542
_d
9542